000 00403pab a2200145 454500
008 180718b1988 xxu||||| |||| 00| 0 eng d
100 _aHoek, M. Peter Van Der
245 _aAn income policy for the professions
_bThe Dutch experience
260 _c1988
300 _a71-80
362 _aJan.
650 _aIncome - Netherland
773 _aAmerican Journal of Economics and Sociology
909 _a10301
999 _c10301
_d10301